ADVANCED ELECTRONIC COMMUNICATION SYSTEM (Record no. 18315)

MARC details
000 -LEADER
fixed length control field 00365nam a22001577a 4500
003 - CONTROL NUMBER IDENTIFIER
control field SGT
020 ## - INTERNATIONAL STANDARD BOOK NUMBER
International Standard Book Number 9789332549685
082 ## - DEWEY DECIMAL CLASSIFICATION NUMBER
Classification number 621.382,TOM
100 ## - MAIN ENTRY--PERSONAL NAME
Personal name TOMASI,WAYNE
245 ## - TITLE STATEMENT
Title ADVANCED ELECTRONIC COMMUNICATION SYSTEM
250 ## - EDITION STATEMENT
Edition statement 6TH
260 ## - PUBLICATION, DISTRIBUTION, ETC. (IMPRINT)
Place of publication, distribution, etc NOIDA (U.P.)
Name of publisher, distributor, etc PEARSON
Year of Publication 2016
300 ## - PAGE DESCRIPTION
No. of Pages 615
650 ## - SUBJECT ADDED ENTRY--TOPICAL TERM
Topical term or geographic name as entry element ELECTRONIC ENGINEERING
942 ## - ADDED ENTRY ELEMENTS (KOHA)
Source of classification or shelving scheme Dewey Decimal Classification
Koha item type Books
Holdings
Withdrawn status Lost status Source of classification or shelving scheme Damaged status Use restrictions Not for loan Collection code Home library Current library Shelving location Date acquired Vendor Name Cost, normal purchase price SGTU Bill Number Full call number Accession No. (Barcode) Date last seen Bill Date Koha item type Total Checkouts
    Dewey Decimal Classification   Restricted Access Not For Loan ENGINEERING SGT Engineering Library SGT Engineering Library Reference Book 18/06/2019 KIRTI PRAKASHAN 697.00 SGTU 2019/03/29 621.382,TOM FE7371 18/06/2019   Books  
    Dewey Decimal Classification       ENGINEERING SGT Engineering Library SGT Engineering Library Text Book 18/06/2019 KIRTI PRAKASHAN 697.00 SGTU 2019/03/29 621.382,TOM FE7372 18/06/2019   Books  
    Dewey Decimal Classification       ENGINEERING SGT Engineering Library SGT Engineering Library Text Book 18/06/2019 KIRTI PRAKASHAN 697.00 SGTU 2019/03/29 621.382,TOM FE7373 18/06/2019   Books